00494nam a2200157Ia 450000500170000000800410001708200150005810000150007324500520008826000430014030000130018365000240019694200060022095200970022699900130032320250425012431.0240331s9999 xx 000 0 und d a294.5bVEL aVelan, K.N 0aEalattu shivayoga swamigal etriya gnana vilakku aColombobUniterate merchance LMTc1995 a148 p ., aReligion Literature cL 001040708LaWERCLbWERCLcSSCd2024-03-31l0o 294.5 VELp3997r2024-03-31w2024-03-31yL c955d955